<The> Ukrainian Crisis and its Impact on European Energy debates

Rusko-ukrajinské plynárenské spory z rokov 2006, 2009 a 2013-2014 vyvolali intenzívnu diskusiu o energetickej budúcnosti Európskej únie. Zatiaľ čo EÚ obhajuje pokles závislosti od Ruska, dovoz ruského plynu sa v skutočnosti zvyšuje. Niekoľko plánovaných projektov potrubia je nastavených tak, aby tút...

ver descrição completa

Na minha lista:
Detalhes bibliográficos
Autor principal: Bruyckere, Luka De
Formato: Capítulo de Livro
Idioma:inglês
Assuntos:
Tags: Adicionar Tag
Sem tags, seja o primeiro a adicionar uma tag!

MARC

LEADER 00000nla a2200000 4500
001 0241261
005 20240417075133.7
041 0 |a eng 
044 |a SK 
245 1 0 |a <The> Ukrainian Crisis and its Impact on European Energy debates  |c Luka De Bruyckere 
520 |a Rusko-ukrajinské plynárenské spory z rokov 2006, 2009 a 2013-2014 vyvolali intenzívnu diskusiu o energetickej budúcnosti Európskej únie. Zatiaľ čo EÚ obhajuje pokles závislosti od Ruska, dovoz ruského plynu sa v skutočnosti zvyšuje. Niekoľko plánovaných projektov potrubia je nastavených tak, aby túto závislosť udržali. Analýza niekoľko spôsobov zvýšenia energetickej nezávislosti. Väčšina týchto možností vyžaduje čas, investície a politickú vôľu a politický vývoj dokazuje, že EÚ presadzuje predovšetkým úsilie o obnoviteľné zdroje energie a zlepšovanie energetickej účinnosti. Snaží sa tak zosúladiť program energetickej bezpečnosti s politikou v oblasti klímy. 
610 2 0 |a politika energetická 
610 2 0 |a bezpečnosť energetická 
610 2 0 |a Rusko 
610 2 0 |a Ukrajina 
610 2 0 |a Európska únia 
610 2 0 |a plyn zemný 
100 1 |a Bruyckere, Luka De